European Film Directors #1 - Statistics

General Stats
  • This quiz has been taken 38 times
  • The average score is 9 of 16
Answer Stats
Movie Nationality Answer % Correct
Persona (1966) Sweden Ingmar Bergman
94%
Paris, Texas (1984) Germany Wim Wenders
91%
Dogtooth (2009) Greece Yorgos Lanthimos
80%
The Man Without a Past (2002) Finland Aki Kaurismäki
74%
Irréversible (2002) France Gaspar Noé
69%
L'Age d'Or (1930) Spain Luis Buñuel
69%
Basic Instinct (1992) Netherlands Paul Verhoeven
69%
The Passion of Joan of Arc (1928) Denmark Carl Thomas Dreyer
66%
Underground (1995) Serbia/Bosnia Emir Kusturica
63%
Possession (1981) Poland Andrzej Żuławski
57%
Come and See (1985) Russia/USSR Elem Klimov
57%
Cinema Paradiso (1988) Italy Giuseppe Tornatore
51%
4 Months, 3 Weeks and 2 Days (2007) Romania Cristian Mungiu
34%
Dimensions of Dialogue (1986) Czechia Jan Švankmajer
20%
The Wicker Man (1973) UK Robin Hardy
20%
The Fifth Seal (1976) Hungary Zoltán Fábri
14%
No matching quizzes found
Score Distribution
Percent of People with Each Score
Percentile by Number Answered
Your Score History
You have not taken this quiz